[Event "Friendship Match AZE-TUR Day 3"]
[Site "Mustafa Kemal Atatürk"]
[Date "2020.08.10"]
[Round "2"]
[White "Dust Tornado"]
[Black "Shak"]
[Result "1/2-1/2"]
[WhiteElo "1991"]
[BlackElo "1754"]
[PlyCount "138"]
[EventDate "2020.08.10"]
[EventType "team-tourn (rapid)"]

1. d4 {[%emt 0:00:02]} Nf6 {[%emt 0:00:12]} 2. Bf4 {[%emt 0:00:04]} g6 {[%emt 0:00:34]} 3. Nc3 {[%emt 0:00:03]} Bg7 {[%emt 0:00:05]} 4. e4 {[%emt 0:00:05]} d6 {[%emt 0:00:02]} 5. Qd2 {[%emt 0:00:10]} c6 {[%emt 0:00:20]} 6. O-O-O {[%emt 0:00:40]} b5 {[%emt 0:00:16]} 7. e5 {[%emt 0:00:16]} b4 {[%emt 0:00:07]} 8. exf6 {[%emt 0:00:31] Shak reconnected.} bxc3 {[%emt 0:00:12]} 9. Qxc3 {[%emt 0:00:00]} Bxf6 {[%emt 0:00:01]} 10. Nf3 {[%emt 0:00:17]} Qb6 {[%emt 0:00:26]} 11. Bc4 {[%emt 0:00:49]} Bg4 {[%emt 0:02:13]} 12. h3 {[%emt 0:00:42]} Bxf3 {[%emt 0:00:33]} 13. Qxf3 {[%emt 0:00:00]} d5 {[%emt 0:00:12]} 14. Bb3 {[%emt 0:00:27]} Bxd4 {[%emt 0:00:11]} 15. Rhe1 {[%emt 0:02:54]} Nd7 {[%emt 0:00:27]} 16. h4 {[%emt 0:01:23]} a5 {[%emt 0:00:51]} 17. a4 {[%emt 0:00:27]} Nc5 {[%emt 0:02:32]} 18. Kb1 {[%emt 0:02:41]} Nxb3 {[%emt 0:00:38]} 19. cxb3 {[%emt 0:00:00]} Bxf2 {[%emt 0:00:55]} 20. Re2 {[%emt 0:02:10]} Bxh4 {[%emt 0:01:03]} 21. g4 {[%emt 0:00:16]} Bf6 {[%emt 0:01:11]} 22. g5 {[%emt 0:01:29]} Bg7 {[%emt 0:00:09]} 23. Bd6 {[%emt 0:00:14]} e6 {[%emt 0:01:00]} 24. Rde1 {[%emt 0:00:05]} Ra7 {[%emt 0:00:50]} 25. Rc1 {[%emt 0:01:00]} Bd4 {[%emt 0:00:42]} 26. Rec2 {[%emt 0:00:07]} c5 {[%emt 0:00:11]} 27. Qg3 {[%emt 0:00:17]} Rd7 {[%emt 0:00:10]} 28. Be5 {[%emt 0:00:04]} O-O {[%emt 0:00:09]} 29. Rh1 {[%emt 0:00:04]} Bxe5 {[%emt 0:00:08]} 30. Qxe5 {[%emt 0:00:00]} f5 {[%emt 0:00:12]} 31. gxf6 {[%emt 0:00:05]} Qd6 {[%emt 0:00:03]} 32. Qg5 {[%emt 0:00:05]} e5 {[%emt 0:00:03]} 33. Rf2 {[%emt 0:00:04]} d4 {[%emt 0:00:09]} 34. Rh6 {[%emt 0:00:06]} Rff7 {[%emt 0:00:21]} 35. Ka2 {[%emt 0:00:10]} Kf8 {[%emt 0:00:10]} 36. Qxg6 {[%emt 0:00:03]} c4 {[%emt 0:00:19]} 37. Rg2 {[%emt 0:00:03]} cxb3+ {[%emt 0:00:02]} 38. Kb1 {[%emt 0:00:01]} Ke8 {[%emt 0:00:07]} 39. Rxh7 {[%emt 0:00:04]} Qf8 {[%emt 0:00:13]} 40. Rg7 {[%emt 0:00:09]} Rd6 {[%emt 0:00:08]} 41. Qe4 {[%emt 0:00:13]} Kd7 {[%emt 0:00:04]} 42. Rg8 {[%emt 0:00:05]} Rdxf6 {[%emt 0:00:03]} 43. Qb7+ {[%emt 0:00:01]} Kd6 {[%emt 0:00:04]} 44. Qb6+ {[%emt 0:00:02]} Kd7 {[%emt 0:00:01]} 45. Qb7+ {[%emt 0:00:06]} Kd6 {[%emt 0:00:01]} 46. Qb6+ {[%emt 0:00:01]} Kd7 {[%emt 0:00:01]} 47. Qb5+ {[%emt 0:00:02]} Kd6 {[%emt 0:00:04]} 48. Rxf8 {[%emt 0:00:01]} Rxf8 {[%emt 0:00:00]} 49. Qxb3 {[%emt 0:00:01]} e4 {[%emt 0:00:02]} 50. Qb6+ {[%emt 0:00:02]} Kd5 {[%emt 0:00:01]} 51. Rg5+ {[%emt 0:00:04]} Rf5 {[%emt 0:00:01]} 52. Qb5+ {[%emt 0:00:03]} Ke6 {[%emt 0:00:01]} 53. Qc4+ {[%emt 0:00:03]} Ke5 {[%emt 0:00:01]} 54. Rxf5+ {[%emt 0:00:05]} Rxf5 {[%emt 0:00:02]} 55. Qc5+ {[%emt 0:00:01]} Kf4 {[%emt 0:00:00]} 56. Qxd4 {[%emt 0:00:01]} Kf3 {[%emt 0:00:00]} 57. Qd1+ {[%emt 0:00:04]} Kf2 {[%emt 0:00:01]} 58. Qd2+ {[%emt 0:00:03]} Kf3 {[%emt 0:00:01]} 59. Qd1+ {[%emt 0:00:13]} Kf2 {[%emt 0:00:01]} 60. Qc2+ {[%emt 0:00:01]} Kf3 {[%emt 0:00:02]} 61. b4 {[%emt 0:00:19]} axb4 {[%emt 0:00:02]} 62. Qb3+ {[%emt 0:00:07]} e3 {[%emt 0:00:02]} 63. Qd1+ {[%emt 0:00:12]} Ke4 {[%emt 0:00:19]} 64. Qc2+ {[%emt 0:00:05]} Kf4 {[%emt 0:00:02]} 65. Qc4+ {[%emt 0:00:08]} Kf3 {[%emt 0:00:05]} 66. Qf1+ {[%emt 0:00:04]} Ke4 {[%emt 0:00:01]} 67. Qc4+ {[%emt 0:00:03]} Kf3 {[%emt 0:00:01]} 68. Qf1+ {[%emt 0:00:05]} Ke4 {[%emt 0:00:01]} 69. Qc4+ {[%emt 0:00:07] Shak offers a draw} Kf3 {[%emt 0:00:03] (Lag: Av=1.67s, max=78.0s)} 1/2-1/2

[Event "Friendship Match AZE-TUR Day 3"]
[Site "Mustafa Kemal Atatürk"]
[Date "2020.08.10"]
[Round "2"]
[White "Xanim"]
[Black "Eceozbaay"]
[Result "1-0"]
[WhiteElo "1789"]
[BlackElo "1410"]
[Annotator "NA"]
[PlyCount "31"]
[EventDate "2020.08.10"]
[EventType "team-tourn (rapid)"]

1. e4 {[%emt 0:00:02]} c5 {[%emt 0:00:02]} 2. c3 {[%emt 0:00:02]} d5 {[%emt 0:00:02]} 3. exd5 {[%emt 0:00:01]} Qxd5 {[%emt 0:00:00]} 4. d4 {[%emt 0:00:01]} Nf6 {[%emt 0:00:02]} 5. Nf3 {[%emt 0:00:01]} e6 {[%emt 0:00:08]} 6. Be3 {[%emt 0:00:27]} cxd4 {[%emt 0:00:02]} 7. cxd4 {[%emt 0:00:01]} Nc6 {[%emt 0:00:01]} 8. Nc3 {[%emt 0:00:01]} Qd6 {[%emt 0:00:01]} 9. Bd3 {[%emt 0:00:06]} Be7 {[%emt 0:00:02]} 10. O-O {[%emt 0:00:01]} O-O {[%emt 0:00:01]} 11. Rc1 {[%emt 0:00:02]} b6 {[%emt 0:00:09]} 12. Ne4 {[%emt 0:00:06]} Nxe4 {[%emt 0:00:08]} 13. Bxe4 {[%emt 0:00:02]} Bb7 {[%emt 0:00:01]} 14. Ne5 {[%emt 0:00:31]} Rac8 {[%emt 0:00:31]} 15. Bf4 {[%emt 0:06:14]} Ra8 {[%emt 0:00:00]} 16. Bxc6 {[%emt 0:00:10] Eceozbaay Terk (Lag: Av=0.42s, max=0.8s)} 1-0

[Event "Friendship Match AZE-TUR Day 3"]
[Site "Mustafa Kemal Atatürk"]
[Date "2020.08.10"]
[Round "2"]
[White "NormLife"]
[Black "VugarAsadli"]
[Result "0-1"]
[WhiteElo "1686"]
[BlackElo "1775"]
[Annotator "NA"]
[PlyCount "94"]
[EventDate "2020.08.10"]
[EventType "team-tourn (rapid)"]

1. e4 {[%emt 0:00:01]} e5 {[%emt 0:00:02]} 2. Nc3 {[%emt 0:00:02]} Nc6 {[%emt 0:00:08]} 3. Nf3 {[%emt 0:00:04]} Nf6 {[%emt 0:00:14]} 4. a3 {[%emt 0:00:01] VugarAsadli reconnected.} d5 {[%emt 0:00:07]} 5. Bb5 {[%emt 0:00:03] VugarAsadli reconnected. VugarAsadli reconnected.} d4 {[%emt 0:00:51]} 6. Ne2 {[%emt 0:00:14]} Bd6 {[%emt 0:00:02]} 7. Ng3 {[%emt 0:00:05]} O-O {[%emt 0:00:06]} 8. d3 {[%emt 0:00:02]} Na5 {[%emt 0:00:30] VugarAsadli reconnected. VugarAsadli reconnected. VugarAsadli reconnected.} 9. Ba4 {[%emt 0:01:34]} c5 {[%emt 0:00:19]} 10. c4 {[%emt 0:00:06]} a6 {[%emt 0:01:00]} 11. O-O {[%emt 0:00:35]} Rb8 {[%emt 0:00:07]} 12. b4 {[%emt 0:00:16]} b5 {[%emt 0:00:21] VugarAsadli reconnected.} 13. bxc5 {[%emt 0:00:32]} Bxc5 {[%emt 0:00:12]} 14. cxb5 {[%emt 0:00:02]} axb5 {[%emt 0:00:01]} 15. Bc2 {[%emt 0:00:03]} Bd6 {[%emt 0:00:15] VugarAsadli reconnected.} 16. Nh4 {[%emt 0:00:14]} g6 {[%emt 0:00:51] VugarAsadli reconnected.} 17. Bg5 {[%emt 0:00:43]} Be7 {[%emt 0:00:19]} 18. h3 {[%emt 0:00:17]} Nd7 {[%emt 0:00:50]} 19. Bxe7 {[%emt 0:00:09]} Qxe7 {[%emt 0:00:00]} 20. Nf3 {[%emt 0:00:19]} Nc5 {[%emt 0:00:12]} 21. Rb1 {[%emt 0:00:16]} Bd7 {[%emt 0:00:25] VugarAsadli reconnected.} 22. Qd2 {[%emt 0:00:03]} Nc6 {[%emt 0:00:31]} 23. Rfc1 {[%emt 0:00:28]} Rfc8 {[%emt 0:00:28]} 24. Qh6 {[%emt 0:02:10]} b4 {[%emt 0:01:22]} 25. axb4 {[%emt 0:00:38]} Nxb4 {[%emt 0:00:15]} 26. Qd2 {[%emt 0:00:08] VugarAsadli reconnected.} Na2 {[%emt 0:01:10]} 27. Rxb8 {[%emt 0:00:20]} Rxb8 {[%emt 0:00:00]} 28. Rb1 {[%emt 0:00:31]} Rxb1+ {[%emt 0:00:07]} 29. Bxb1 {[%emt 0:00:00]} Nc3 {[%emt 0:00:01]} 30. Bc2 {[%emt 0:00:03]} Bb5 {[%emt 0:00:24]} 31. h4 {[%emt 0:00:38]} Bd7 {[%emt 0:00:21] VugarAsadli reconnected.} 32. h5 {[%emt 0:00:10]} Bg4 {[%emt 0:00:04]} 33. hxg6 {[%emt 0:00:15]} hxg6 {[%emt 0:00:05]} 34. Nh2 {[%emt 0:00:27]} Be6 {[%emt 0:00:04]} 35. Nf3 {[%emt 0:00:03]} Bg4 {[%emt 0:00:06]} 36. Nh2 {[%emt 0:00:01] VugarAsadli reconnected.} Qh4 {[%emt 0:00:22]} 37. Qe1 {[%emt 0:00:50]} Be6 {[%emt 0:00:22]} 38. Nf3 {[%emt 0:00:04]} Qf4 {[%emt 0:00:07]} 39. Qd2 {[%emt 0:00:24]} Bg4 {[%emt 0:00:28]} 40. Qxf4 {[%emt 0:00:34]} exf4 {[%emt 0:00:00]} 41. Nf1 {[%emt 0:00:00]} Bxf3 {[%emt 0:00:06]} 42. gxf3 {[%emt 0:00:02]} Kg7 {[%emt 0:00:47]} 43. Nd2 {[%emt 0:00:10]} Ne2+ {[%emt 0:00:11]} 44. Kg2 {[%emt 0:00:06]} Nc1 {[%emt 0:00:04]} 45. Kh3 {[%emt 0:00:20]} Kf6 {[%emt 0:00:09]} 46. Kg4 {[%emt 0:00:11]} N5xd3 {[%emt 0:00:05]} 47. Bxd3 {[%emt 0:00:05]} Nxd3 {[%emt 0:00:01] NormLife terk eder (Lag: Av=4.87s, max=124.5s)} 0-1

[Event "Friendship Match AZE-TUR Day 3"]
[Site "Mustafa Kemal Atatürk"]
[Date "2020.08.10"]
[Round "2"]
[White "Gul91"]
[Black "Silacglr04"]
[Result "1-0"]
[WhiteElo "1668"]
[BlackElo "1564"]
[Annotator "NA"]
[PlyCount "77"]
[EventDate "2020.08.10"]
[EventType "team-tourn (rapid)"]

1. e4 {[%emt 0:00:04]} c5 {[%emt 0:00:01]} 2. b3 {[%emt 0:00:05]} b6 {[%emt 0:00:03]} 3. c4 {[%emt 0:00:37]} Bb7 {[%emt 0:00:03]} 4. Nc3 {[%emt 0:00:01]} d6 {[%emt 0:00:09]} 5. d4 {[%emt 0:00:33]} cxd4 {[%emt 0:00:00]} 6. Qxd4 {[%emt 0:00:01]} Nc6 {[%emt 0:00:04]} 7. Qd2 {[%emt 0:00:02]} Nf6 {[%emt 0:00:28]} 8. Nf3 {[%emt 0:00:07]} e6 {[%emt 0:00:11]} 9. Bb2 {[%emt 0:00:43]} Be7 {[%emt 0:00:06]} 10. Be2 {[%emt 0:00:10]} O-O {[%emt 0:01:11]} 11. Rd1 {[%emt 0:00:17]} a6 {[%emt 0:00:19]} 12. O-O {[%emt 0:00:05]} Qc7 {[%emt 0:00:03]} 13. Rfe1 {[%emt 0:01:37]} Rad8 {[%emt 0:01:41]} 14. Bd3 {[%emt 0:00:24]} Ne5 {[%emt 0:00:39]} 15. Nxe5 {[%emt 0:01:19]} dxe5 {[%emt 0:00:00]} 16. Qe2 {[%emt 0:00:01]} Nd7 {[%emt 0:00:21]} 17. Bc2 {[%emt 0:00:29]} Nb8 {[%emt 0:00:03]} 18. Qg4 {[%emt 0:01:00]} Nc6 {[%emt 0:00:14]} 19. Nd5 {[%emt 0:01:03]} exd5 {[%emt 0:00:32]} 20. exd5 {[%emt 0:00:02]} Nd4 {[%emt 0:00:47]} 21. Bxd4 {[%emt 0:00:10]} exd4 {[%emt 0:00:00]} 22. Qe4 {[%emt 0:00:02]} g6 {[%emt 0:00:27]} 23. Qxe7 {[%emt 0:00:03]} Rd7 {[%emt 0:00:01]} 24. Qf6 {[%emt 0:00:10]} Bxd5 {[%emt 0:00:33]} 25. Rxd4 {[%emt 0:00:17]} Be6 {[%emt 0:00:16]} 26. Rh4 {[%emt 0:00:52]} Qd8 {[%emt 0:00:19]} 27. Qf4 {[%emt 0:00:33]} g5 {[%emt 0:01:22]} 28. Qg3 {[%emt 0:00:03]} f5 {[%emt 0:00:50]} 29. Rh6 {[%emt 0:00:16]} Rd2 {[%emt 0:01:15]} 30. Rhxe6 {[%emt 0:00:08]} Rxc2 {[%emt 0:00:02]} 31. h4 {[%emt 0:00:10]} Rxa2 {[%emt 0:00:29]} 32. Re7 {[%emt 0:00:18]} Qd2 {[%emt 0:00:12]} 33. hxg5 {[%emt 0:00:29]} f4 {[%emt 0:00:53]} 34. Qh4 {[%emt 0:00:03]} Qc2 {[%emt 0:00:27]} 35. Rd7 {[%emt 0:00:42]} f3 {[%emt 0:01:26]} 36. gxf3 {[%emt 0:00:30]} Rxf3 {[%emt 0:02:20]} 37. Re8+ {[%emt 0:00:07]} Rf8 {[%emt 0:00:01]} 38. Rxf8+ {[%emt 0:00:01]} Kxf8 {[%emt 0:00:00]} 39. Qh6+ {[%emt 0:00:02] Silacglr04 terk eder (Lag: Av=0.45s, max=1.0s)} 1-0

[Event "Friendship Match AZE-TUR Day 3"]
[Site "Mustafa Kemal Atatürk"]
[Date "2020.08.10"]
[Round "2"]
[White "Muisback"]
[Black "RuznaMamuna"]
[Result "1-0"]
[WhiteElo "1620"]
[BlackElo "1675"]
[Annotator "NA"]
[PlyCount "105"]
[EventDate "2020.08.10"]
[EventType "team-tourn (rapid)"]

1. e4 {[%emt 0:00:02]} c6 {[%emt 0:00:01]} 2. Nc3 {[%emt 0:00:14]} d5 {[%emt 0:00:02]} 3. Nf3 {[%emt 0:00:01]} Bg4 {[%emt 0:00:02]} 4. h3 {[%emt 0:00:02]} Bxf3 {[%emt 0:00:01]} 5. Qxf3 {[%emt 0:00:01]} Nf6 {[%emt 0:00:01]} 6. d3 {[%emt 0:00:02]} e6 {[%emt 0:00:04]} 7. Be2 {[%emt 0:00:02]} Nbd7 {[%emt 0:00:03]} 8. Qg3 {[%emt 0:00:01]} g6 {[%emt 0:00:14]} 9. h4 {[%emt 0:00:13]} h5 {[%emt 0:00:03]} 10. Bf4 {[%emt 0:00:17]} Qb6 {[%emt 0:02:35]} 11. O-O-O {[%emt 0:01:41]} d4 {[%emt 0:00:57]} 12. Nb1 {[%emt 0:00:03]} Qa5 {[%emt 0:01:45]} 13. a3 {[%emt 0:00:10]} e5 {[%emt 0:00:08]} 14. Bg5 {[%emt 0:00:38]} Qc7 {[%emt 0:00:35]} 15. f4 {[%emt 0:01:24]} Nh7 {[%emt 0:02:00]} 16. Rdf1 {[%emt 0:00:41]} Bd6 {[%emt 0:02:18]} 17. Nd2 {[%emt 0:01:41]} exf4 {[%emt 0:01:20]} 18. Bxf4 {[%emt 0:00:01]} Bxf4 {[%emt 0:00:05]} 19. Rxf4 {[%emt 0:00:04]} Ne5 {[%emt 0:00:28]} 20. Nf3 {[%emt 0:00:44]} Nxf3 {[%emt 0:01:57]} 21. Qxf3 {[%emt 0:00:04]} Nf8 {[%emt 0:00:09]} 22. Rf1 {[%emt 0:00:03]} Rh7 {[%emt 0:00:04]} 23. Rf6 {[%emt 0:01:12]} Rd8 {[%emt 0:00:21]} 24. Qf2 {[%emt 0:00:34]} Rd6 {[%emt 0:01:01]} 25. Qg3 {[%emt 0:00:20]} Rd7 {[%emt 0:00:14]} 26. Qg5 {[%emt 0:00:10]} Re7 {[%emt 0:00:07]} 27. Kb1 {[%emt 0:01:12]} Nd7 {[%emt 0:00:09]} 28. R6f2 {[%emt 0:01:38]} Qe5 {[%emt 0:00:13]} 29. Qd2 {[%emt 0:00:01]} Qc5 {[%emt 0:00:21]} 30. g3 {[%emt 0:01:18]} Ne5 {[%emt 0:00:01]} 31. Rf6 {[%emt 0:00:21]} Nd7 {[%emt 0:00:03]} 32. R6f4 {[%emt 0:00:01]} Ne5 {[%emt 0:00:01]} 33. g4 {[%emt 0:00:08]} hxg4 {[%emt 0:00:01]} 34. Bxg4 {[%emt 0:00:00]} b6 {[%emt 0:00:23]} 35. Bh3 {[%emt 0:00:06]} a5 {[%emt 0:00:02]} 36. Qg2 {[%emt 0:00:06]} b5 {[%emt 0:00:04]} 37. Bg4 {[%emt 0:00:35]} Kd8 {[%emt 0:00:03]} 38. Bd1 {[%emt 0:00:06]} Kc7 {[%emt 0:00:02]} 39. Qg5 {[%emt 0:00:06]} a4 {[%emt 0:00:04]} 40. h5 {[%emt 0:00:22]} gxh5 {[%emt 0:00:01]} 41. Rf5 {[%emt 0:00:09]} h4 {[%emt 0:00:12]} 42. Qg8 {[%emt 0:00:04]} Rh6 {[%emt 0:00:03]} 43. Qf8 {[%emt 0:00:01]} Qd6 {[%emt 0:00:12]} 44. Rxe5 {[%emt 0:01:14]} Rxe5 {[%emt 0:00:01]} 45. Rxf7+ {[%emt 0:00:00]} Kb6 {[%emt 0:00:01]} 46. Qg7 {[%emt 0:00:00]} Rhe6 {[%emt 0:00:10]} 47. Rb7+ {[%emt 0:00:02]} Kc5 {[%emt 0:00:06]} 48. b4+ {[%emt 0:00:01]} axb3 {[%emt 0:00:01]} 49. cxb3 {[%emt 0:00:00]} Qd8 {[%emt 0:00:10]} 50. Bg4 {[%emt 0:00:11]} Rf6 {[%emt 0:00:05]} 51. b4+ {[%emt 0:00:03]} Kd6 {[%emt 0:00:01]} 52. Rd7+ {[%emt 0:00:00]} Qxd7 {[%emt 0:00:03]} 53. Qxd7# {[%emt 0:00:00] (Lag: Av=0.29s, max=0.3s)} 1-0

[Event "Friendship Match AZE-TUR Day 3"]
[Site "Mustafa Kemal Atatürk"]
[Date "2020.08.10"]
[Round "2"]
[White "EkaterinaAtalik"]
[Black "Mammadzada"]
[Result "1/2-1/2"]
[WhiteElo "1504"]
[BlackElo "1720"]
[Annotator "NA"]
[PlyCount "119"]
[EventDate "2020.08.10"]
[EventType "team-tourn (rapid)"]

1. d4 {[%emt 0:00:03]} d5 {[%emt 0:00:04]} 2. c4 {[%emt 0:00:01]} c6 {[%emt 0:00:03]} 3. Nf3 {[%emt 0:00:02]} Nf6 {[%emt 0:00:02]} 4. Nc3 {[%emt 0:00:01]} a6 {[%emt 0:00:04]} 5. Ne5 {[%emt 0:00:03]} e6 {[%emt 0:00:18]} 6. Bg5 {[%emt 0:00:14]} Be7 {[%emt 0:00:21]} 7. e3 {[%emt 0:00:03]} O-O {[%emt 0:00:22]} 8. Bd3 {[%emt 0:00:03]} dxc4 {[%emt 0:01:34]} 9. Bxc4 {[%emt 0:00:17] Mammadzada reconnected.} b5 {[%emt 0:01:31]} 10. Be2 {[%emt 0:00:12]} c5 {[%emt 0:00:22]} 11. Bf3 {[%emt 0:00:33]} Ra7 {[%emt 0:00:19]} 12. O-O {[%emt 0:00:08]} Nfd7 {[%emt 0:00:37]} 13. Bf4 {[%emt 0:02:50]} Nxe5 {[%emt 0:00:20]} 14. dxe5 {[%emt 0:00:05]} Bb7 {[%emt 0:02:15]} 15. Bxb7 {[%emt 0:00:08]} Rxb7 {[%emt 0:00:00]} 16. Qf3 {[%emt 0:00:01]} Rd7 {[%emt 0:00:45]} 17. Rfd1 {[%emt 0:00:08]} Qc8 {[%emt 0:00:08]} 18. a4 {[%emt 0:00:25]} Rxd1+ {[%emt 0:02:46]} 19. Rxd1 {[%emt 0:00:13]} bxa4 {[%emt 0:00:20]} 20. Nxa4 {[%emt 0:00:02]} Nc6 {[%emt 0:00:17]} 21. Qe4 {[%emt 0:00:10]} Nb4 {[%emt 0:00:12]} 22. Nb6 {[%emt 0:00:18]} Rd8 {[%emt 0:00:38]} 23. Qb1 {[%emt 0:00:36]} Qb7 {[%emt 0:00:21]} 24. Rxd8+ {[%emt 0:00:08]} Bxd8 {[%emt 0:00:00]} 25. Nc4 {[%emt 0:00:01]} Qd5 {[%emt 0:00:06]} 26. b3 {[%emt 0:00:30]} h5 {[%emt 0:00:13]} 27. e4 {[%emt 0:00:04]} Qd7 {[%emt 0:00:56]} 28. Nd6 {[%emt 0:00:39]} Be7 {[%emt 0:00:14]} 29. Qd1 {[%emt 0:00:10]} h4 {[%emt 0:01:58]} 30. Be3 {[%emt 0:00:29] .} Qc6 {[%emt 0:00:04]} 31. f3 {[%emt 0:00:12]} f6 {[%emt 0:00:11]} 32. Nc4 {[%emt 0:00:06]} Qc7 {[%emt 0:00:12]} 33. f4 {[%emt 0:00:29]} fxe5 {[%emt 0:00:07]} 34. fxe5 {[%emt 0:00:04]} Nc6 {[%emt 0:00:04]} 35. Qh5 {[%emt 0:00:25]} Qd7 {[%emt 0:00:05]} 36. h3 {[%emt 0:00:07]} Nd4 {[%emt 0:00:02]} 37. Qd1 {[%emt 0:00:56]} Qd8 {[%emt 0:00:03]} 38. Bxd4 {[%emt 0:00:48]} cxd4 {[%emt 0:00:04]} 39. Qd3 {[%emt 0:00:02]} Qf8 {[%emt 0:00:07]} 40. Nd2 {[%emt 0:00:10]} Bg5 {[%emt 0:00:08]} 41. Nf3 {[%emt 0:00:02]} Be3+ {[%emt 0:00:01]} 42. Kf1 {[%emt 0:00:02]} Qf4 {[%emt 0:00:03]} 43. Qc2 {[%emt 0:00:09]} Qg3 {[%emt 0:00:10]} 44. Qe2 {[%emt 0:00:02]} a5 {[%emt 0:00:05]} 45. Ne1 {[%emt 0:00:03]} Qxe5 {[%emt 0:00:02]} 46. Qg4 {[%emt 0:00:06]} Qf6+ {[%emt 0:00:04]} 47. Nf3 {[%emt 0:00:03]} e5 {[%emt 0:00:05]} 48. Qh5 {[%emt 0:00:04]} Qa6+ {[%emt 0:00:02]} 49. Ke1 {[%emt 0:00:03]} Qb5 {[%emt 0:00:10]} 50. Qxe5 {[%emt 0:00:13]} Qb4+ {[%emt 0:00:01]} 51. Ke2 {[%emt 0:00:03]} Qxb3 {[%emt 0:00:07]} 52. Qe8+ {[%emt 0:00:03]} Kh7 {[%emt 0:00:01]} 53. Qh5+ {[%emt 0:00:03]} Kg8 {[%emt 0:00:13]} 54. Qe8+ {[%emt 0:00:24]} Kh7 {[%emt 0:00:01]} 55. Qh5+ {[%emt 0:00:04] EkaterinaAtalik offers a draw} Bh6 {[%emt 0:00:10]} 56. Qf5+ {[%emt 0:00:08]} Kg8 {[%emt 0:00:06]} 57. Qc8+ {[%emt 0:00:05]} Kh7 {[%emt 0:00:01]} 58. Qf5+ {[%emt 0:00:02]} Kg8 {[%emt 0:00:09]} 59. Qc8+ {[%emt 0:00:02]} Kh7 {[%emt 0:00:01]} 60. Qf5+ {[%emt 0:00:02] Threefold Rep} 1/2-1/2